Nghệ thuật biểu diễn truyền thống người Việt - Hà tây
Tổng quan xứ sở, văn hóa, nghệ thuật người Việt vùng Hà Tây, âm nhạc truyền thống, múa truyền thống, sân khấu truyền thống người Việt vùng Hà Tây. Làng nghề, làng văn, lễ hội trên sông vùng Hà Tây....
Na minha lista:
| Autor principal: | |
|---|---|
| Formato: | Livro |
| Idioma: | Undetermined |
| Publicado em: |
Hà Nội
Văn hóa Thông tin
2011
|
| Assuntos: | |
| Tags: |
Adicionar Tag
Sem tags, seja o primeiro a adicionar uma tag!
|
| Thư viện lưu trữ: | Trung tâm Học liệu Trường Đại học Cần Thơ |
|---|
| LEADER | 00965nam a2200193Ia 4500 | ||
|---|---|---|---|
| 001 | CTU_170668 | ||
| 008 | 210402s9999 xx 000 0 und d | ||
| 082 | |a 792.0959732 | ||
| 082 | |b C107 | ||
| 100 | |a Lê, Ngọc Canh | ||
| 245 | 0 | |a Nghệ thuật biểu diễn truyền thống người Việt - Hà tây | |
| 245 | 0 | |c Lê Ngọc Canh, Tô Đông Hải, Lưu Đông Doanh | |
| 260 | |a Hà Nội | ||
| 260 | |b Văn hóa Thông tin | ||
| 260 | |c 2011 | ||
| 520 | |a Tổng quan xứ sở, văn hóa, nghệ thuật người Việt vùng Hà Tây, âm nhạc truyền thống, múa truyền thống, sân khấu truyền thống người Việt vùng Hà Tây. Làng nghề, làng văn, lễ hội trên sông vùng Hà Tây. | ||
| 650 | |a Vietnamese drama,Sân khấu Việt Nam | ||
| 904 | |i Trọng Hải | ||
| 980 | |a Trung tâm Học liệu Trường Đại học Cần Thơ | ||